• 首页
  • 本馆介绍
  • 公告通知
  • 最新文献
  • 馆藏检索
  • 电子资源
  • 读者导购
  • 参考咨询
  • 我的图书馆
  • 登录
  • 详细信息显示
  • 放入我的书架
  • 预约/预借图书
  • 作者相关作品
  • 分类相关作品
  • 丛书相关作品
  • 出版社相关作品

书目信息

  • 表格格式
  • 工作单格式
  • 卡片格式
题名:
IPTV及其解决方案
    
 
作者: 金纯 编著
分册:  
出版信息: 北京   国防工业出版社  2006
页数: 336页
开本: 26cm
丛书名:
单 册:
中图分类: TN949.292
科图分类:
主题词: 网络电源
电子资源:
ISBN: 7-118-04756-2
000 00859nam0 2200241 450
001 012007883928
005 20070716152658.08
010    @a7-118-04756-2@dCNY41.00
100    @a20070714d2006 km y0chiy0120 ea
101 0  @achi
102    @aCN@b110000
105    @ay z 000yy
106    @ar
200 1  @aIPTV及其解决方案@AIPTV ji qi jie jue fang an@f金纯等编著@Fjin chun deng bian zhu
210    @a北京@c国防工业出版社@d2006
215    @a336页@d26cm
304    @a责任者还有:齐岩松、于鸿洋、陈前斌
330    @a全书共14章,分别介绍了IPTV的基本概念以及国内外的市场应用情况;IPTV的相关协议,包括TCP/IP、组播、流媒体等相关协议;IIYFV的网络架构、业务类型以及内容分发网络的概念;IPTV的音视频编解码技术等内容。
606 0  @a网络电源
690    @aTN949.292@v4
701  0 @a金纯@Ajin chun@4编著
801  0 @aCN@bRULIN@c20070716
905    @dTN949.292@e233@s3
    
    IPTV及其解决方案/金纯等编著.-北京:国防工业出版社,2006
    336页;26cm
    
    
    ISBN 7-118-04756-2:CNY41.00
    全书共14章,分别介绍了IPTV的基本概念以及国内外的市场应用情况;IPTV的相关协议,包括TCP/IP、组播、流媒体等相关协议;IIYFV的网络架构、业务类型以及内容分发网络的概念;IPTV的音视频编解码技术等内容。
●
相关链接 在E读中查询图书 在五车中查询图书 在当当中查询图书 在豆瓣中查询图书


正题名:IPTV及其解决方案     索取号:TN949.292/233         预约/预借

序号 登录号 条形码 馆藏地/架位号 状态 备注
1 0583351   205833516   第二样本阅览室/ [索取号:TN949.292/233] 在馆    
2 0583352   205833525   第三借阅区/ [索取号:TN949.292/233] 在馆    
3 0583353   205833534   第三借阅区/ [索取号:TN949.292/233] 在馆    
唐山师范学院图书馆 欢迎您!
大连网信软件有限公司© 版权所有